[Event "Titled Tuesday intern op 13th Jun Early"]
[Site "Chess.com INT"]
[Date "2023.06.13"]
[Round "3"]
[White "Duda, Jan Krzysztof"]
[Black "Barlakov, Arsalan"]
[Result "1-0"]
[WhiteElo "2732"]
[BlackElo "2313"]
[PlyCount "69"]
[EventDate "2023.06.13"]
[EventType "swiss (blitz)"]
[EventRounds "11"]
[EventCountry "USA"]
[SourceTitle "EXT 2024"]
[Source "ChessBase"]
[SourceDate "2023.10.10"]
[SourceVersion "1"]
[SourceVersionDate "2023.10.10"]
[SourceQuality "1"]

1. e4 c5 2. Nf3 e6 3. d4 cxd4 4. Nxd4 a6 5. Bd3 Qc7 6. 0-0 Bc5 7. Nb3 Be7 8. Qg4 g6 9. a4 d6 10. Qe2 Nd7 11. Nc3 b6 12. h3 Bb7 13. Kh1 Ngf6 14. Bh6 Bf8 15. Qd2 Bxh6 16. Qxh6 Rg8 17. Qg5 Rh8 18. Qe3 h6 19. f4 Kf8 20. Nd4 Kg7 21. f5 gxf5 22. exf5 e5 23. Ne6+ fxe6 24. fxe6 Kf8 25. exd7 Ke7 26. Rxf6 Kxf6 27. Qg3 Rag8 28. Rf1+ Ke7 29. Qh4+ Rg5 30. Be4 Qc4 31. Rf5 Bxe4 32. Nxe4 Rhg8 33. Nxg5 Qxh4 34. Rf7+ Kd8 35. Ne6# 1-0

[Event "Titled Tuesday intern op 13th Jun Early"]
[Site "Chess.com INT"]
[Date "2023.06.13"]
[Round "10"]
[White "Yelisieiev, Yevhenii"]
[Black "Barlakov, Arsalan"]
[Result "0-1"]
[WhiteElo "2418"]
[BlackElo "2313"]
[PlyCount "70"]
[EventDate "2023.06.13"]
[EventType "swiss (blitz)"]
[EventRounds "11"]
[EventCountry "USA"]
[SourceTitle "EXT 2024"]
[Source "ChessBase"]
[SourceDate "2023.10.10"]
[SourceVersion "1"]
[SourceVersionDate "2023.10.10"]
[SourceQuality "1"]

1. d4 Nf6 2. Nf3 d6 3. g3 Bf5 4. Bg2 c6 5. 0-0 Nbd7 6. b3 e5 7. dxe5 dxe5 8. Bb2 Qc7 9. Nbd2 Rd8 10. e4 Nxe4 11. Nxe4 Bxe4 12. Qe2 Bxf3 13. Bxf3 Bd6 14. Rad1 0-0 15. Rfe1 Rfe8 16. Be4 Nf6 17. Bf5 h6 18. c4 a5 19. Qc2 Qe7 20. c5 Bc7 21. Rxd8 Rxd8 22. f4 Rd5 23. Kh1 Rxc5 24. Qe2 Rd5 25. fxe5 Nd7 26. Bxd7 Qxd7 27. e6 fxe6 28. Qxe6+ Qxe6 29. Rxe6 Rd1+ 30. Kg2 Rd2+ 31. Kf3 Rxb2 32. Re7 Bd6 33. Rxb7 Rxa2 34. Rb6 Rxh2 35. Rxc6 Bb4 0-1

[Event "Titled Tuesday intern op 06th Jun Early"]
[Site "Chess.com INT"]
[Date "2023.06.06"]
[Round "5"]
[White "Zheenbekov, Nurgazi"]
[Black "Barlakov, Arsalan"]
[Result "1-0"]
[WhiteElo "2033"]
[BlackElo "2313"]
[PlyCount "27"]
[EventDate "2023.06.06"]
[EventType "swiss (blitz)"]
[EventRounds "11"]
[EventCountry "USA"]
[SourceTitle "EXT 2024"]
[Source "ChessBase"]
[SourceDate "2023.10.10"]
[SourceVersion "1"]
[SourceVersionDate "2023.10.10"]
[SourceQuality "1"]

1. e4 b6 2. d4 Ba6 3. Bxa6 Nxa6 4. Nf3 c6 5. 0-0 Nc7 6. c4 d5 7. cxd5 cxd5 8. Qa4+ Qd7 9. Qc2 dxe4 10. Ne5 Qd6 11. Nc3 Nf6 12. Bg5 Nfd5 13. Qa4+ b5 14. Nxb5 1-0

[Event "Buryatia-ch 3rd"]
[Site "Ulan-Ude"]
[Date "2015.01.08"]
[Round "7"]
[White "Barlakov, Arsalan"]
[Black "Badmatsyrenov, Oleg"]
[Result "1/2-1/2"]
[WhiteElo "2310"]
[BlackElo "2481"]
[PlyCount "79"]
[EventDate "2015.01.05"]
[EventType "swiss"]
[EventRounds "9"]
[EventCountry "RUS"]
[SourceTitle "CBM 164 Extra"]
[Source "ChessBase"]
[SourceDate "2015.03.02"]
[SourceVersion "1"]
[SourceVersionDate "2015.03.02"]
[SourceQuality "1"]

1. e4 c5 2. Nf3 Nc6 3. Bb5 g6 4. Bxc6 bxc6 5. 0-0 Bg7 6. Re1 Nh6 7. c3 0-0 8. d4 cxd4 9. cxd4 d5 10. e5 f6 11. h3 Nf7 12. Bf4 Qb6 13. Qd2 g5 14. Bg3 g4 15. hxg4 Bxg4 16. exf6 exf6 17. Nc3 Bxf3 18. gxf3 Rae8 19. Na4 Qa6 20. Nc5 Qc8 21. Kg2 Ng5 22. Rh1 Qf5 23. Qf4 Qxf4 24. Bxf4 Re2 25. b4 Rfe8 26. a4 a6 27. Rab1 Ra2 28. b5 axb5 29. axb5 cxb5 30. Rxb5 Ree2 31. Rf1 Ra3 32. Bxg5 fxg5 33. Nd7 Rd3 34. Nb6 Rxd4 35. Rxd5 Rxd5 36. Nxd5 Kf7 37. Rd1 Be5 38. f4 gxf4 39. Kf3 Ra2 40. Nxf4 1/2-1/2

[Event "Buryatia-ch"]
[Site "Ulan-Ude"]
[Date "2013.01.04"]
[Round "4"]
[White "Leonov, Mikhail"]
[Black "Barlakov, Arsalan"]
[Result "0-1"]
[WhiteElo "2012"]
[BlackElo "2311"]
[PlyCount "76"]
[EventDate "2013.01.02"]
[EventType "swiss"]
[EventRounds "9"]
[EventCountry "RUS"]
[SourceTitle "CBM 152 Extra"]
[Source "ChessBase"]
[SourceDate "2013.02.25"]
[SourceVersion "1"]
[SourceVersionDate "2013.02.25"]
[SourceQuality "1"]

1. d4 Nf6 2. Nf3 e6 3. Bg5 d5 4. Nbd2 c5 5. e3 Be7 6. c3 Nc6 7. Bd3 0-0 8. Qb1 h6 9. Bxf6 gxf6 10. dxc5 Bxc5 11. e4 dxe4 12. Nxe4 Be7 13. 0-0 Ne5 14. Be2 Bd7 15. Nxe5 fxe5 16. Qd3 Qc7 17. Qh3 Kh7 18. Rfd1 f5 19. Nd2 Rad8 20. a4 a6 21. Nc4 Bc6 22. Rxd8 Rxd8 23. Qe3 e4 24. g3 Bd5 25. b3 Bc5 26. Qc1 Bxc4 27. bxc4 Qe5 28. Rb1 b6 29. a5 bxa5 30. Bh5 Rd7 31. Be8 Re7 32. Bc6 e3 33. Bf3 Rd7 34. Rb7 Rxb7 35. Bxb7 e2 36. Qe1 a4 37. Bf3 a3 38. Bxe2 a2 0-1

[Event "Sibiria Region-ch"]
[Site "Prokopevsk"]
[Date "2012.03.20"]
[Round "9"]
[White "Sviridov, Maxim"]
[Black "Barlakov, Arsalan"]
[Result "0-1"]
[WhiteElo "2167"]
[BlackElo "2333"]
[PlyCount "118"]
[EventDate "2012.03.12"]
[EventType "swiss"]
[EventRounds "9"]
[EventCountry "RUS"]
[SourceTitle "EXT 2013"]
[Source "ChessBase"]
[SourceDate "2012.11.22"]
[SourceVersion "1"]
[SourceVersionDate "2012.11.22"]
[SourceQuality "1"]

1. e4 e5 2. Nf3 Nc6 3. d4 exd4 4. Bc4 Nf6 5. Ng5 Ne5 6. Qxd4 Nxc4 7. Qxc4 d5 8. exd5 Qxd5 9. Qe2+ Be6 10. 0-0 0-0-0 11. Nxe6 fxe6 12. Nc3 Qf5 13. Re1 Bb4 14. Be3 Kb8 15. Red1 Bxc3 16. bxc3 e5 17. Rab1 Qe4 18. Re1 Qd5 19. Qa6 b6 20. c4 Qc6 21. c5 Nd5 22. cxb6 axb6 23. c4 Nxe3 24. Rxe3 Rd4 25. Reb3 Qb7 26. Qb5 Rhd8 27. h3 Qe4 28. c5 Rd1+ 29. Rxd1 Rxd1+ 30. Kh2 Qf4+ 31. Rg3 Qc1 32. Qe8+ Kb7 33. c6+ Qxc6 34. Qxe5 g6 35. Rc3 Qd6 36. Qxd6 Rxd6 37. Kg3 c5 38. f4 Kc6 39. Kf3 b5 40. a3 c4 41. g4 Kc5 42. Ke2 b4 43. axb4+ Kxb4 44. Rc1 c3 45. Rb1+ Kc4 46. Rb8 Re6+ 47. Kf3 c2 48. Rc8+ Kb3 49. Rb8+ Kc3 50. Rc8+ Kb2 51. Rb8+ Kc1 52. Kf2 Re4 53. Kf3 Rc4 54. Ke2 Rxf4 55. Rb7 Rc4 56. Rb6 Rc3 57. h4 Rh3 58. h5 gxh5 59. gxh5 Rxh5 0-1

[Event "Sibiria Region-ch"]
[Site "Prokopevsk"]
[Date "2012.03.16"]
[Round "5"]
[White "Barlakov, Arsalan"]
[Black "Piskunov, Alexandr"]
[Result "0-1"]
[WhiteElo "2333"]
[BlackElo "2318"]
[PlyCount "98"]
[EventDate "2012.03.12"]
[EventType "swiss"]
[EventRounds "9"]
[EventCountry "RUS"]
[SourceTitle "EXT 2013"]
[Source "ChessBase"]
[SourceDate "2012.11.22"]
[SourceVersion "1"]
[SourceVersionDate "2012.11.22"]
[SourceQuality "1"]

1. e4 g6 2. d4 Bg7 3. Nc3 d6 4. f4 a6 5. a4 Nf6 6. Nf3 c5 7. d5 0-0 8. Bc4 e6 9. dxe6 Bxe6 10. Bxe6 fxe6 11. 0-0 Nc6 12. Kh1 d5 13. e5 Ne8 14. Ne2 Nc7 15. Be3 d4 16. Bf2 Nd5 17. Ng5 Qe7 18. Nh3 Bh6 19. Bg1 Rad8 20. Ra3 Na5 21. Raf3 Nc4 22. Qd3 b5 23. axb5 axb5 24. b3 Nb4 25. Qd1 Na3 26. c3 dxc3 27. Qc1 Nac2 28. Nxc3 Rb8 29. Ne4 Nd4 30. Bxd4 cxd4 31. Nd6 Qa7 32. Qe1 Nd5 33. Qh4 Qg7 34. Qe1 Ne3 35. Rg1 Bxf4 36. Nxf4 Qxe5 37. Nxg6 hxg6 38. Qh4 Qxd6 39. Rh3 Kf7 40. Qh7+ Kf6 41. Qh4+ Ke5 42. Qg3+ Kd5 43. Qxg6 Rh8 44. Rh5+ Rxh5 45. Qxh5+ Kc6 46. Qh7 Rb7 47. Qh8 Kb6 48. Qh6 Rf7 49. b4 Ng4 0-1

[Event "Ulan-Ude Elo"]
[Site "Ulan-Ude"]
[Date "2007.09.22"]
[Round "6"]
[White "Barlakov, Arsalan"]
[Black "Pushkarev, Dmitry"]
[Result "0-1"]
[WhiteElo "2253"]
[BlackElo "2369"]
[PlyCount "78"]
[EventDate "2007.09.17"]
[EventType "tourn"]
[EventRounds "14"]
[EventCountry "RUS"]
[SourceTitle "EXT 2009"]
[Source "ChessBase"]
[SourceDate "2008.11.26"]
[SourceVersion "1"]
[SourceVersionDate "2008.11.26"]
[SourceQuality "1"]

1. Nf3 d5 2. g3 Nf6 3. Bg2 c6 4. 0-0 Bg4 5. d3 Nbd7 6. Nbd2 e5 7. c4 Bd6 8. b3 0-0 9. Bb2 Qe7 10. h3 Bh5 11. Nh4 Qe6 12. g4 Bg6 13. e4 dxe4 14. dxe4 h5 15. Nf5 Bb4 16. Nf3 Nxe4 17. Qe2 Nef6 18. N3h4 Rfe8 19. Rad1 Bf8 20. Nxg6 fxg6 21. Ne3 Bc5 22. g5 Nh7 23. h4 Rf8 24. b4 Bxb4 25. Nd5 Bd6 26. f4 Rae8 27. Nc3 Nc5 28. Kh2 Qe7 29. f5 e4+ 30. Kg1 Rxf5 31. Rxf5 gxf5 32. Qxh5 Nd3 33. Ne2 Bc5+ 34. Kf1 Nxb2 35. Rb1 Nxc4 36. Rxb7 Ne3+ 37. Kg1 Qxb7 38. Qxe8+ Nf8 39. Qe5 Qb1+ 0-1

[Event "Ulan-Ude Elo"]
[Site "Ulan-Ude"]
[Date "2007.09.21"]
[Round "5"]
[White "Dondukov, Sengdorji"]
[Black "Barlakov, Arsalan"]
[Result "1-0"]
[WhiteElo "2187"]
[BlackElo "2253"]
[PlyCount "79"]
[EventDate "2007.09.17"]
[EventType "tourn"]
[EventRounds "14"]
[EventCountry "RUS"]
[SourceTitle "EXT 2009"]
[Source "ChessBase"]
[SourceDate "2008.11.26"]
[SourceVersion "1"]
[SourceVersionDate "2008.11.26"]
[SourceQuality "1"]

1. d4 Nf6 2. c4 e6 3. Nc3 Bb4 4. Nf3 c5 5. Qc2 cxd4 6. Nxd4 Nc6 7. e3 0-0 8. Bd3 d5 9. a3 Nxd4 10. exd4 dxc4 11. Bxh7+ Nxh7 12. axb4 Qxd4 13. Be3 Qd3 14. Qxd3 cxd3 15. 0-0-0 Rd8 16. Ne4 b6 17. f3 Ba6 18. Kd2 f5 19. Ra1 Bb7 20. Nc3 e5 21. Rhg1 f4 22. Bf2 Nf6 23. Rge1 Re8 24. Kxd3 Rad8+ 25. Kc4 Rd2 26. Rxa7 Bd5+ 27. Nxd5 Nxd5 28. Rd7 Ne3+ 29. Bxe3 Rxd7 30. Bxb6 Rd2 31. Kb3 Rxg2 32. Bc7 Rf2 33. b5 Rxf3+ 34. Kc4 Rf2 35. Kc3 f3 36. b6 e4 37. b7 e3 38. b8Q Rxb8 39. Bxb8 Rxh2 40. Bxh2 1-0

[Event "Ulan-Ude Elo"]
[Site "Ulan-Ude"]
[Date "2007.09.18"]
[Round "2"]
[White "Badmatsyrenov, Oleg"]
[Black "Barlakov, Arsalan"]
[Result "1-0"]
[WhiteElo "2300"]
[BlackElo "2253"]
[PlyCount "69"]
[EventDate "2007.09.17"]
[EventType "tourn"]
[EventRounds "14"]
[EventCountry "RUS"]
[SourceTitle "EXT 2009"]
[Source "ChessBase"]
[SourceDate "2008.11.26"]
[SourceVersion "1"]
[SourceVersionDate "2008.11.26"]
[SourceQuality "1"]

1. e4 c6 2. d4 d5 3. Nd2 dxe4 4. Nxe4 Bf5 5. Ng3 Bg6 6. h4 h6 7. f4 e6 8. Nf3 Nd7 9. h5 Bh7 10. Bd3 Bxd3 11. Qxd3 Ngf6 12. Be3 Qa5+ 13. Bd2 Bb4 14. c3 Be7 15. Ne5 c5 16. a3 Rd8 17. 0-0-0 cxd4 18. cxd4 Qd5 19. Kb1 0-0 20. Bc3 Nxe5 21. fxe5 Nd7 22. Qe2 Rc8 23. Ne4 Rc4 24. Rh3 Rfc8 25. g4 Nb6 26. g5 hxg5 27. h6 g6 28. h7+ Kh8 29. Bb4 Bxb4 30. Nxg5 Qd7 31. Qf2 Nd5 32. Nxf7+ Kg7 33. h8Q+ Rxh8 34. Nxh8 Rc8 35. Nxg6 1-0

[Event "Dubna op"]
[Site "Dubna"]
[Date "2007.08.06"]
[Round "4"]
[White "Barlakov, Arsalan"]
[Black "Pospelov, Sergey Lvovich"]
[Result "1/2-1/2"]
[WhiteElo "2253"]
[BlackElo "2078"]
[PlyCount "98"]
[EventDate "2007.08.02"]
[EventType "swiss"]
[EventRounds "14"]
[EventCountry "RUS"]
[SourceTitle "EXT 2008"]
[Source "ChessBase"]
[SourceDate "2007.11.25"]
[SourceVersion "1"]
[SourceVersionDate "2007.11.25"]
[SourceQuality "1"]

1. e4 c5 2. Nf3 Nc6 3. d4 cxd4 4. Nxd4 e5 5. Nb5 d6 6. c4 a6 7. N5a3 Nf6 8. Nc3 Be7 9. Be2 Be6 10. Be3 0-0 11. 0-0 Qd7 12. Qd2 Bd8 13. Rfd1 Ba5 14. f3 Ne8 15. Rac1 Qc7 16. Bd3 Rc8 17. Qf2 Bxc3 18. Rxc3 f5 19. exf5 Bxf5 20. c5 Bxd3 21. cxd6 Nxd6 22. Rcxd3 Ne4 23. Qh4 Nf6 24. Qc4+ Kh8 25. Rd6 Rcd8 26. Qc5 Rxd6 27. Qxd6 Qf7 28. Bb6 e4 29. fxe4 Nxe4 30. Qd5 Qg6 31. h3 Ne5 32. Qxe5 Qxb6+ 33. Kh2 Qc6 34. Qd5 Qc7+ 35. Kg1 Qf4 36. Qd4 Qf5 37. Nc4 h6 38. Nd6 Nxd6 39. Qxd6 Qf7 40. a3 Qf2+ 41. Kh2 Qf7 42. Qd7 Qf4+ 43. Kg1 Qe3+ 44. Kh1 Qb3 45. Rd2 Qe3 46. Qd4 Qe1+ 47. Kh2 Rf1 48. Qd8+ Kh7 49. Qd3+ Kh8 1/2-1/2

[Event "Dubna op"]
[Site "Dubna"]
[Date "2007.08.06"]
[Round "5"]
[White "Zhuravlev, A."]
[Black "Barlakov, Arsalan"]
[Result "0-1"]
[WhiteElo "2206"]
[BlackElo "2253"]
[PlyCount "104"]
[EventDate "2007.08.02"]
[EventType "swiss"]
[EventRounds "14"]
[EventCountry "RUS"]
[SourceTitle "EXT 2008"]
[Source "ChessBase"]
[SourceDate "2007.11.25"]
[SourceVersion "1"]
[SourceVersionDate "2007.11.25"]
[SourceQuality "1"]

1. d4 Nf6 2. Nf3 e6 3. Bg5 c5 4. e3 Nc6 5. c3 b6 6. Bd3 Be7 7. Nbd2 Bb7 8. 0-0 cxd4 9. exd4 0-0 10. Qe2 Nd5 11. Bxe7 Qxe7 12. Bc2 f5 13. a3 Nf4 14. Qe3 Nd5 15. Qe1 Rad8 16. c4 Nf4 17. Qe3 g5 18. Rfe1 Qf6 19. Bd3 Nxd3 20. Qxd3 d6 21. Qe3 g4 22. Ng5 e5 23. d5 Nd4 24. Ne6 Nxe6 25. dxe6 Qxe6 26. b3 f4 27. Qc3 Rf5 28. Nf1 f3 29. Ng3 Rf4 30. Rad1 fxg2 31. Qd2 Rdf8 32. Qxd6 Qxd6 33. Rxd6 Rxf2 34. Rd7 Bc6 35. Rc7 R2f6 36. Re7 Rf3 37. b4 Rxa3 38. R7xe5 a5 39. Nf5 Bf3 40. Nd6 Rf6 41. Rg5+ Rg6 42. Rxg6+ hxg6 43. bxa5 bxa5 44. Rc1 Bc6 45. c5 Rh3 46. Nc8 Kf7 47. Na7 Bd5 48. c6 g3 49. c7 gxh2+ 50. Kf2 g1Q+ 51. Rxg1 hxg1Q+ 52. Kxg1 Bb7 0-1

[Event "Dubna op"]
[Site "Dubna"]
[Date "2007.08.05"]
[Round "2"]
[White "Barlakov, Arsalan"]
[Black "Konovalov, Nikolay"]
[Result "0-1"]
[WhiteElo "2253"]
[BlackElo "2431"]
[PlyCount "60"]
[EventDate "2007.08.02"]
[EventType "swiss"]
[EventRounds "14"]
[EventCountry "RUS"]
[SourceTitle "EXT 2008"]
[Source "ChessBase"]
[SourceDate "2007.11.25"]
[SourceVersion "1"]
[SourceVersionDate "2007.11.25"]
[SourceQuality "1"]

1. e4 c5 2. Nf3 Nc6 3. Bb5 g6 4. Bxc6 dxc6 5. d3 Bg7 6. 0-0 e5 7. Be3 b6 8. h3 Ne7 9. Qd2 h6 10. Nc3 Be6 11. Nh2 g5 12. Rfe1 Ng6 13. a3 0-0 14. b4 c4 15. Nf3 cxd3 16. cxd3 Qd7 17. Red1 Rad8 18. Rab1 Kh7 19. Ne2 f5 20. exf5 Bxf5 21. Ne1 Nf4 22. Ng3 Bg6 23. Bxf4 exf4 24. Ne2 Rfe8 25. Nc3 Re7 26. Rbc1 Bh5 27. Nf3 Bxf3 28. gxf3 Qxh3 29. Ne4 Qxf3 30. Qc2 Qg4+ 0-1